000 01125nam a22001817a 4500
999 _c63844
_d63844
003 Ge_BSU
005 20260203192012.0
008 260203s2013 ge ||||| |||| 00| 0 geo d
041 _ageo
080 _a342.4(479.22) ს-32
245 _aსაქართველოს კონსტიტუცია = Constitution of Georgia /
_bმიღებულია 1995 წლის 24 აგვისტოს 2013 წლის 1 ივნისის მდგომარეობით.
_cკონსტიტუციონალიზმის კვლევისა და ხელშეწყობის რეგიონალური ცენტრი.
264 _aთბილისი,
_c2013.
300 _a220 გვ.;
_b20 სმ.
500 _aტექსტები ინგლ. ენაზე
653 _aსაქართველოს კონსტიტუცია
710 _aკონსტიტუციონალიზმის კვლევისა და ხელშეწყობის რეგიონალური ცენტრი.
_95129
942 _2udc
_cBK